Les Urbanitzacions a la província de Barcelona : localització i característiques dels sistemes de baixa densitat residencial / Joan Barba, Montserrat Mercadé, [Kris Scheerlinck ; coordinació: Oficina Tècnica de Cooperació] localització i característiques dels sistemes de baixa densitat residencial / Joan Barba, Montserrat Mercadé, [Kris Scheerlinck ; coordinació:
MARC
| LEADER | 00000nam a2200000Ia 4500 | ||
|---|---|---|---|
| 001 | 18546 | ||
| 008 | 160829s2006 xx 000 0 cat d | ||
| 020 | |a 84-9803-111-7 | ||
| 080 | |a FOL-3-4 | ||
| 100 | |a Barba, Joan |9 45060 | ||
| 245 | |a Les Urbanitzacions a la província de Barcelona : |b localització i característiques dels sistemes de baixa densitat residencial / Joan Barba, Montserrat Mercadé, [Kris Scheerlinck ; coordinació: |b Oficina Tècnica de Cooperació] | ||
| 260 | |a Barcelona : |b Diputació de Barcelona. Àrea d'Infraestructures, Urbanisme i Habitatge, |c 2006 | ||
| 300 | |a 225 p. : |b mapes ; |c 33 cm + 1 CD-ROM | ||
| 650 | 0 | |a Urbanisme |z Barcelona (Catalunya : Província) |9 18405 | |
| 650 | |a Urbanització |x Barcelona (Província) |9 45061 | ||
| 650 | 0 | |a Ordenació del territori |z Barcelona (Província) |9 45062 | |
| 700 | |a Mercadé i Marimon, Montserrat |9 45063 | ||
| 700 | |a Scheerlinck, Kris |9 45064 | ||
| 710 | |a Barcelona (Catalunya : Província). |b Oficina Tècnica de Cooperació |e entitat coordinadora |9 53580 | ||
| 710 | |a Barcelona (Catalunya : Província). |b Àrea d'Infraestructures, Urbanisme i Habitatge |9 13533 | ||
| 901 | |a Arxiu | ||
| 942 | |n 1 |2 udc | ||
| 952 | |0 0 |1 0 |4 0 |6 FOL34 |7 1 |9 52331 |a Arxiu |b Arxiu |d 2016-12-01 |l 0 |o FOL-3-4 |p 18546 |r 2016-12-01 00:00:00 |w 2016-12-01 |y ARXIU | ||
| 999 | |c 56179 |d 56179 | ||